Общая механическая технология волокнистых материалов: учебное пособие; Ч. 1: Прядение хлопка и прядение льна

Detalles Bibliográficos
Autor principal: Зотиков В. Е.
Otros Autores: Финягин П. А.
Lenguaje:ruso
Publicado: Москва, Гизлегпром, 1943
Materias:
Formato: MixedMaterials Libro
KOHA link:https://koha.lib.tpu.ru/cgi-bin/koha/opac-detail.pl?biblionumber=324602

MARC

LEADER 00000nam0a2200000 4500
001 324602
005 20231102003702.0
035 |a (RuTPU)RU\TPU\book\350200 
090 |a 324602 
100 |a 20161118d1943 m y0rusy50 ca 
101 0 |a rus 
102 |a RU 
105 |a a j 000zy 
200 1 |a Общая механическая технология волокнистых материалов  |e учебное пособие  |h Ч. 1: Прядение хлопка и прядение льна  |f В. Е. Зотиков, П. А. Финягин 
210 |a Москва  |a Ленинград  |c Гизлегпром  |d 1943 
215 |a 356 с.  |c ил. 
606 |a Волокнистые материалы  |x Производство  |x Текстильная промышленность  |2 stltpush  |3 (RuTPU)RU\TPU\subj\3599  |9 31989 
610 1 |a хлопок 
610 1 |a лен 
610 1 |a прядение 
675 |a 676.1(075.8)  |v 4 
700 1 |a Зотиков  |b В. Е. 
701 1 |a Финягин  |b П. А. 
801 1 |a RU  |b 63413507  |c 20161118 
801 2 |a RU  |b 63413507  |c 20180321  |g RCR 
942 |c BK